Unit operations of chemical engineering (Record no. 3799)

000 -LEADER
fixed length control field 00652nam a2200241 a 4500
001 - CONTROL NUMBER
control field 3799
003 - CONTROL NUMBER IDENTIFIER
control field BD-DhUET
008 - FIXED-LENGTH DATA ELEMENTS--GENERAL INFORMATION
fixed length control field 850523s1985 nyua b 001 0 eng
020 ## - INTERNATIONAL STANDARD BOOK NUMBER
International Standard Book Number 0070448280
040 ## - CATALOGING SOURCE
Modifying agency BD-DhUET
Transcribing agency 0
082 0# - DEWEY DECIMAL CLASSIFICATION NUMBER
Classification number 660.2842
Item number MCC/1985
100 1# - MAIN ENTRY--PERSONAL NAME
Personal name McCabe, Warren L.
245 10 - TITLE STATEMENT
Title Unit operations of chemical engineering
250 ## - EDITION STATEMENT
Edition statement 4th ed.
260 ## - PUBLICATION, DISTRIBUTION, ETC. (IMPRINT)
Place of publication, distribution, etc. New York
Name of publisher, distributor, etc. McGraw-Hill
Date of publication, distribution, etc. 1985
300 ## - PHYSICAL DESCRIPTION
Extent x, 960 p.
Other physical details ill.
Dimensions 25 cm.
490 1# - SERIES STATEMENT
Series statement McGraw-Hill chemical engineering series
504 ## - BIBLIOGRAPHY, ETC. NOTE
Bibliography, etc Includes bibliographies
650 #0 - SUBJECT ADDED ENTRY--TOPICAL TERM
Topical term or geographic name as entry element Chemical Processer
700 1# - ADDED ENTRY--PERSONAL NAME
Personal name Smith, Julian C.
700 1# - ADDED ENTRY--PERSONAL NAME
Personal name Harriott, Peter.
942 ## - ADDED ENTRY ELEMENTS (KOHA)
Koha item type General Book
Holdings
Koha normalized classification for sorting Sublocation or collection (holding branch) Location (home branch) Koha item type Koha date last seen Copy number Lost status Koha full call number Piece designation (barcode) Koha issues (times borrowed) Damaged status Source of classification or shelving scheme Price effective from Withdrawn status Not for loan Shelving location Koha date last borrowed Date acquired
660_000000000000000_2842MCC198Central Library, BUETCentral Library, BUETGeneral Book2016-10-231 660.2842/MCC/198572739   2014-11-05  Circulation section 2014-11-05
660_000000000000000_2842MCC198Central Library, BUETCentral Library, BUETGeneral Book2014-11-052 660.2842/MCC/198577549   2014-11-05  Circulation section 2014-11-05
660_000000000000000_2842MCC198Central Library, BUETCentral Library, BUETGeneral Book2018-12-043 660.2842/MCC/1985775502  2014-11-05  Circulation section2018-11-142014-11-05
660_284200000000000_MCC_1985Central Library, BUETCentral Library, BUETReading Item2015-07-014 660.2842/MCC/198568731   2015-07-01  Reading section 2015-07-01
660_284200000000000_MCC_1985Central Library, BUETCentral Library, BUETRental Item2024-11-25৪/ক-১ 660.2842 MCC/198573910   2024-11-25  Rental section 1989-06-27
660_284200000000000_MCC_1985Central Library, BUETCentral Library, BUETRental Item2024-11-25৪/ক-২ 660.2842 MCC/198573911   2024-11-25  Rental section 1989-06-27
660_284200000000000_MCC_1985Central Library, BUETCentral Library, BUETRental Item2024-11-25৪/ক-৩ 660.2842 MCC/198573912   2024-11-25  Rental section 1989-06-27
660_284200000000000_MCC_1985Central Library, BUETCentral Library, BUETRental Item2024-11-25৪/ক-৪ 660.2842 MCC/198573913   2024-11-25  Rental section 1989-06-27
660_284200000000000_MCC_1985Central Library, BUETCentral Library, BUETRental Item2024-11-25৪/ক-৫ 660.2842 MCC/198573914   2024-11-25  Rental section 1989-06-27
660_284200000000000_MCC_1985Central Library, BUETCentral Library, BUETRental Item2024-11-25৪/ক-৬ 660.2842 MCC/198573915   2024-11-25  Rental section 1989-06-27
660_284200000000000_MCC_1985Central Library, BUETCentral Library, BUETRental Item2024-11-25৪/ক-৭ 660.2842 MCC/198573916   2024-11-25  Rental section 1989-06-27
660_284200000000000_MCC_1985Central Library, BUETCentral Library, BUETRental Item2024-11-25৪/ক-৮ 660.2842 MCC/198573917   2024-11-25  Rental section 1989-06-27
660_284200000000000_MCC_1985Central Library, BUETCentral Library, BUETRental Item2024-11-25৪/ক-৯ 660.2842 MCC/198573918   2024-11-25  Rental section 1989-06-27
660_284200000000000_MCC_1985Central Library, BUETCentral Library, BUETRental Item2024-11-25৪/ক-১০ 660.2842 MCC/198573919   2024-11-25  Rental section 1989-06-27
660_284200000000000_MCC_1985Central Library, BUETCentral Library, BUETRental Item2024-11-25৪/ক-২৫ 660.2842 MCC/198573934   2024-11-25  Rental section 1989-06-27
660_284200000000000_MCC_1985Central Library, BUETCentral Library, BUETRental Item2024-11-25৪/ক-২৬ 660.2842 MCC/198573935   2024-11-25  Rental section 1989-06-27